The independence and impartiality of contract administrators under various standard forms of construction contract (Record no. 79878)

MARC details
000 -LEADER
fixed length control field 01506cab a22002895a 4500
001 - CONTROL NUMBER
control field L142629
008 - FIXED-LENGTH DATA ELEMENTS--GENERAL INFORMATION
fixed length control field 080226s2007 xxk f 000 0 eng d
035 ## - SYSTEM CONTROL NUMBER
System control number (Sirsi) u142629
041 0# - LANGUAGE CODE
Language code of text/sound track or separate title eng
100 1# - MAIN ENTRY--PERSONAL NAME
Personal name Jones, Neil F.
245 04 - TITLE STATEMENT
Title The independence and impartiality of contract administrators under various standard forms of construction contract
260 ## - PUBLICATION, DISTRIBUTION, ETC.
Date of publication, distribution, etc. 2007
490 #0 - SERIES STATEMENT
Series statement Construction Law Journal
Volume/sequential designation 23(7) 2007, 475-503(29)
520 ## - SUMMARY, ETC.
Summary, etc. With a wide range of standard forms of building contract now available, this article examines the status of the opinions and decisions of contract administrators and if the employer has a right of challenge if unhappy with the result. Considers recent case law on the subject and reviews the relevant standard forms of construction contract.
590 ## - LOCAL NOTE (RLIN)
Local note KA
650 24 - SUBJECT ADDED ENTRY--TOPICAL TERM
Topical term or geographic name entry element COSTAIN LTD AND OTHERS V BECHTEL LTD
650 24 - SUBJECT ADDED ENTRY--TOPICAL TERM
Topical term or geographic name entry element SCHELDEBOUW BV V ST JAMES HOMES (GROSVENOR DOCK) LTD
650 24 - SUBJECT ADDED ENTRY--TOPICAL TERM
Topical term or geographic name entry element NEC ENGINEERING AND CONSTRUCTION CONTRACT (THIRD EDITION)
650 24 - SUBJECT ADDED ENTRY--TOPICAL TERM
Topical term or geographic name entry element ICE CONDITIONS OF CONTRACT MEASUREMENT VERSION 7TH ED
650 24 - SUBJECT ADDED ENTRY--TOPICAL TERM
Topical term or geographic name entry element ICE DESIGN AND CONSTRUCT CONDITIONS OF CONTRACT (2001 EDITION)
650 24 - SUBJECT ADDED ENTRY--TOPICAL TERM
Topical term or geographic name entry element JCT STANDARD BUILDING CONTRACT WITH QUANTITIES (2005 EDITION)
650 24 - SUBJECT ADDED ENTRY--TOPICAL TERM
Topical term or geographic name entry element JCT DESIGN AND BUILD CONTRACT (2005 EDITION)
650 24 - SUBJECT ADDED ENTRY--TOPICAL TERM
Topical term or geographic name entry element JCT MAJOR PROJECT CONSTRUCTION CONTRACT (2005 EDITION)
690 ## - LOCAL SUBJECT ADDED ENTRY--TOPICAL TERM (OCLC, RLIN)
Topical term or geographic name as entry element BUILT ENVIRONMENT-CONSTRUCTION MANAGEMENT-BUILDING CONTRACT ADMINISTRATION
700 1# - ADDED ENTRY--PERSONAL NAME
Personal name O'Carroll, Chris
942 ## - ADDED ENTRY ELEMENTS (KOHA)
Suppress in OPAC 0
Holdings
Withdrawn status Lost status Source of classification or shelving scheme Damaged status Not for loan Home library Current library Shelving location Date acquired Total Checkouts Full call number Barcode Date last seen Copy number Price effective from Koha item type
    Dewey Decimal Classification     London London Journal article 26/02/2008   L142629 142629-1001 06/08/2019 1 06/08/2019 Journal article